Hiển hoa bí tử

Gespeichert in:
Bibliographische Detailangaben
1. Verfasser: Phạm Hoàng Hộ
Format: Buch
Sprache:Undetermined
Veröffentlicht: Sài Gòn Trung Tâm Học Liệu 1968
Schlagworte:
Tags: Tag hinzufügen
Keine Tags, Fügen Sie den ersten Tag hinzu!
Thư viện lưu trữ: Trung tâm Học liệu Trường Đại học Cần Thơ
LEADER 00495nam a2200181Ia 4500
001 CTU_8817
008 210402s9999 xx 000 0 und d
082 |a 583 
082 |b H450/1968 
100 |a Phạm Hoàng Hộ 
245 0 |a Hiển hoa bí tử 
245 0 |c Phạm Hoàng Hộ 
260 |a Sài Gòn 
260 |b Trung Tâm Học Liệu 
260 |c 1968 
650 |a angiosperms 
904 |i Minh, 960920 
980 |a Trung tâm Học liệu Trường Đại học Cần Thơ